000 00517nam a22001937a 4500
999 _c35823
_d35823
003 OSt
005 20220809181202.0
008 220809b ||||| |||| 00| 0 spa d
020 _a84-249-2498-3
040 _cBiblioteca Ernesto Sábato
092 _a885.01
_bD387
_eBDGR
100 _aDemóstenes
245 _aDiscursos políticos y privados
260 _aMadrid
_bGredos
_c2000
300 _a334 p.
440 _aBiblioteca básica Gredos
_n; 35
650 _a LITERATURA CLASICA GRIEGA
_v
942 _2ddc
_cBDGR